Исследование земельной информационной системы на предмет выявления ошибок взаимодействия пользователя с системой как основание для разработки модуля автоматизирующее процесс ведения землеустроительного дела; Информационные технологии в науке, управлении, социальной сфере и медицине
| Parent link: | Информационные технологии в науке, управлении, социальной сфере и медицине.— 2015.— [С. 293-295] |
|---|---|
| 1. autor: | |
| Korporacja: | |
| Streszczenie: | Заглавие с титульного экрана This article describes the processof conduct land management the OJSC East-Siberian Oil and Gas Company and the necessary conditions for transition of land to the life circle correctly. However, noncompliance the necessary conditions cause errors on the transition of land to the life circle. Theresultsofthisresearchperformsasthebasistodevelopofthenewmoduleforsubsystem attach documents in the Land Information System. |
| Język: | rosyjski |
| Wydane: |
2015
|
| Seria: | Информационные технологии в управлении производственными системами |
| Hasła przedmiotowe: | |
| Dostęp online: | http://earchive.tpu.ru/handle/11683/17362 http://www.lib.tpu.ru/fulltext/c/2015/C24/130.pdf |
| Format: | Elektroniczne Rozdział |
| KOHA link: | https://koha.lib.tpu.ru/cgi-bin/koha/opac-detail.pl?biblionumber=613873 |
MARC
| LEADER | 00000naa2a2200000 4500 | ||
|---|---|---|---|
| 001 | 613873 | ||
| 005 | 20231101132759.0 | ||
| 035 | |a (RuTPU)RU\TPU\conf\12031 | ||
| 035 | |a RU\TPU\conf\12030 | ||
| 090 | |a 613873 | ||
| 100 | |a 20150902d2015 k y0rusy50 ca | ||
| 101 | 0 | |a rus |d eng | |
| 102 | |a RU | ||
| 105 | |a y z 101zy | ||
| 135 | |a drcn ---uucaa | ||
| 181 | 0 | |a i | |
| 182 | 0 | |a b | |
| 200 | 1 | |a Исследование земельной информационной системы на предмет выявления ошибок взаимодействия пользователя с системой как основание для разработки модуля автоматизирующее процесс ведения землеустроительного дела |d Analyzing the land information system to identify errors of user interaction with the system as a basis to develop of the module automates the process of conducting land managment |f М. А. Снегирева | |
| 203 | |a Текст |c электронный | ||
| 225 | 1 | |a Информационные технологии в управлении производственными системами | |
| 230 | |a 1 компьютерный файл (pdf; 475 Kb) | ||
| 300 | |a Заглавие с титульного экрана | ||
| 320 | |a [Библиогр.: с. 295 (5 назв.)] | ||
| 330 | |a This article describes the processof conduct land management the OJSC East-Siberian Oil and Gas Company and the necessary conditions for transition of land to the life circle correctly. However, noncompliance the necessary conditions cause errors on the transition of land to the life circle. Theresultsofthisresearchperformsasthebasistodevelopofthenewmoduleforsubsystem attach documents in the Land Information System. | ||
| 337 | |a Adobe Reader | ||
| 463 | 0 | |0 (RuTPU)RU\TPU\conf\11725 |t Информационные технологии в науке, управлении, социальной сфере и медицине |o сборник научных трудов II Международной конференции, 19-22 мая 2015 г., Томск |f Национальный исследовательский Томский политехнический университет (ТПУ) ; ред. кол. О. Г. Берестнева [и др.] |v [С. 293-295] |d 2015 | |
| 510 | 1 | |a Analyzing the land information system to identify errors of user interaction with the system as a basis to develop of the module automates the process of conducting land managment |z eng | |
| 610 | 1 | |a труды учёных ТПУ | |
| 610 | 1 | |a электронный ресурс | |
| 610 | 1 | |a информационные системы | |
| 610 | 1 | |a автоматизирующие устройства | |
| 610 | 1 | |a землеустроительные работы | |
| 610 | 1 | |a бизнес-процессы | |
| 610 | 1 | |a земельные участки | |
| 700 | 1 | |a Снегирева |b М. А. | |
| 712 | 0 | 2 | |a Национальный исследовательский Томский политехнический университет (ТПУ) |c (2009- ) |2 stltpush |3 (RuTPU)RU\TPU\col\15902 |
| 801 | 2 | |a RU |b 63413507 |c 20210129 |g RCR | |
| 856 | 4 | |u http://earchive.tpu.ru/handle/11683/17362 | |
| 856 | 4 | |u http://www.lib.tpu.ru/fulltext/c/2015/C24/130.pdf | |
| 942 | |c BK | ||